000 00402nam a2200169Ia 4500
008 221030s9999 xx 000 0 und d
020 _a8125923473
041 _aEnglish
082 _a105.23
100 _aD. N. Dwivedi
245 0 _aManagerial Economics
_cby D. N. Dwivedi
250 _a7th
260 _bVikas Pub House
_aNew Delhi
_c2011
300 _a704
650 _aManagement
942 _cBK
999 _c10102
_d10102